Catalogue /

Bibliographic Details
Corporate Author: Arthur H. Clark Company
Format: Journal
Language:English
Published: Cleveland, Ohio : Arthur H. Clark Co.
Subjects:

MARC

Tag First Indicator Second Indicator Subfields
LEADER 00000cas a2200000Ia 4500
001 in00002055921
005 20190104160934.0
008 980903u190uuuuuohuuu p 0 0eng d
035 |a (OCoLC)ocm39795606 
040 |a CTB  |c CTB  |d OCLCQ  |d TXA  |d UtOrBLW 
043 |a n-us-oh 
049 |a TXAM 
090 |a Z999  |b .A69 
110 2 |a Arthur H. Clark Company. 
245 1 0 |a Catalogue /  |c Arthur H. Clark Company. 
246 1 3 |a Arthur H. Clark Company [Catalogue] 
246 1 3 |a Arthur H. Clark Company [Catalog] 
246 3 |a Catalog 
264 1 |a Cleveland, Ohio :  |b Arthur H. Clark Co. 
300 |a volumes :  |b illustrations ;  |c 22 cm. 
336 |a text  |b txt  |2 rdacontent 
337 |a unmediated  |b n  |2 rdamedia 
338 |a volume  |b nc  |2 rdacarrier 
500 |a Title from cover. 
500 |a Description based on: Catalogue Number 1. 
500 |a The Cushing Library/Lit./Dobie copy (Number 567) was acquired as part of Jeff C. Dykes' J. Frank Dobie Collection. 
580 |a The Cushing Library/Lowman/Bibliography and Book Arts copies form part of the Bibliography and Books Arts Section of the Al Lowman Printing Arts Collection and Research Archive. 
650 0 |a Booksellers' catalogs  |z Ohio  |z Cleveland. 
650 0 |a Booksellers' catalogs. 
650 0 |a Rare books  |x Catalogs, Booksellers' 
773 0 |t Al Lowman Printing Arts Collection and Research Archive. 
948 |a cataloged  |b h  |c 2005/5/25  |d c  |e mjackson  |f 11:33:08 am 
994 |a C0  |b TXA 
999 |a MARS 
999 f f |s 7141684b-4b6c-3fd8-b801-bf7b586432a5  |i 542148d4-9e24-36d1-9fb0-0b2d3ad6d96a  |t 0 
952 f f |p noncirc  |a Texas A&M University  |b College Station  |c Cushing Memorial Library & Archives  |d Cushing: Lowman (Does not check out)  |t 0  |e Z999 .A69  |h Library of Congress classification  |i unmediated -- volume 
952 f f |p noncirc  |a Texas A&M University  |b College Station  |c Cushing Memorial Library & Archives  |d Cushing: Literature/Dobie (Does not check out)  |t 0  |e Z999 .A69  |h Library of Congress classification  |i unmediated -- volume 
998 f f |a Z999 .A69  |s no.902, no.906, no.908  |t 0  |l Cushing: Lowman (Does not check out) 
998 f f |a Z999 .A69  |s no.567  |t 0  |l Cushing: Literature/Dobie (Does not check out)